000 00772nam a2200253Ia 4500
005 20250425161915.0
008 250425s9999 xx 000 0 und d
020 _a9567106044
041 _aspa
043 _acl
082 _a378.19
100 _aCENTRO INTERUNIVERSITARIO DE DESARROLLO, CINDA
245 0 _aINNOVACION EN LA EDUCACION UNIVERSITARIA EN AMERICA LATINA: MODELOS Y CASOS
250 _a1A ED.
260 _aChile
_bCENTRO INTERUNIVERSITARIO DE DESARROLLO
_c1993
260 _aSANTIAGO DE CHILE
_bCENTRO INTERUNIVERSITARIO DE DESARROLLO
300 _a275
650 _aEDUCACION SUPERIOR-AMERICA LATINA
650 _aINNOVACIONES EDUCATIVAS
650 _aINNOVACIONES TECNOLOGICAS
710 _aUNESCO-CINDA
942 _c01
010 _a34531
999 _c218599
_d218599